| 000 | 00530nam a2200169Ia 4500 | ||
|---|---|---|---|
| 005 | 20250508155426.0 | ||
| 008 | 008 250505s9999 xx 000 0 eng d | ||
| 037 | _aTextual | ||
| 040 |
_aFEDL _beng _cFEDL |
||
| 041 |
_aeng _2eng |
||
| 084 |
_aB, LIN _qFEDL |
||
| 245 | 0 | _aHerndon's life of Linconln: The history and personal recollections of Abraham Lincoln as originally written by william H Herndon and Jesse W Weik | |
| 260 | _c1961 | ||
| 300 | _ax,495p | ||
| 942 |
_cTEXL _hB, LIN |
||
| 999 |
_c1356750 _d1356750 |
||